000
00305nam a2200121Ia 4500
008
190723s9999 xx 000 0 und d
020
_a
978-0-19-597994-7
100
_a
S.M Salim uddin
245
0
_a
Oxford Urdu-English Dictionary
260
_a
UK
_b
Oxford Uni Press
_c
2013
300
_a
1165.:p
942
_c
BK
999
_c
1720
_d
1720